| 000 | 01033cab a2200253 4500 | ||
|---|---|---|---|
| 001 | WB3010-09 | ||
| 008 | 090401t1994 xxu||||| |||| 00| 0 eng d | ||
| 035 | _a(Sirsi) u80611 | ||
| 041 | _aeng | ||
| 245 | _aBPF hits back over air-conditioning | ||
| 260 | _c1994 | ||
| 350 | _a0 | ||
| 490 |
_aEstates Times _v(1224) 4 March 1994, 3 |
||
| 490 |
_aContract Journal _v372(5963) 10 March 1994, 7(2) |
||
| 520 | _aThe British Property Federation has proposed that all developments should meet energy conservation targets and that developers, not building control officers, should decide whether air-conditioning is necessary in new buildings. This is in response to the DoE`s consultation document which proposes to extend part L of the Building Regulations. | ||
| 650 | _aAIR-CONDTIONING | ||
| 650 |
_aBUILDING REGULATIONS _96224 |
||
| 650 | _aCONSULTATION DOCUMENT | ||
| 650 | _aENERGY CONSERVATION | ||
| 650 | _aENERGY EFFICIENCY | ||
| 690 | _aBUILDING AND CONSTRUCTION-REGULATIONS | ||
| 942 | _n0 | ||
| 948 | _c04/03/1997 | ||
| 999 |
_c50743 _d50743 |
||